000 00273nam a2200109Ia 4500
008 190216s9999||||xx |||||||||||||| ||und||
100 _aYogendranath Raj
245 0 _aCivil Prathirotham Adunika Yudhathil
260 _bBhasha Institute
650 _aEconomics
942 _cREF
999 _c35468
_d35468